000 01195cam a22003494a 4500
001 muse86494
003 MdBmJHUP
005 20210127151718.0
006 m o d
007 cr||||||||nn|n
008 830111s1951 ncu o 00 0 eng d
010 _z 51005524
020 _a9781469657202
020 _z9781469657196
035 _a(OCoLC)755038054
040 _aMdBmJHUP
_cMdBmJHUP
050 0 4 _aPD25
_b.N6 no. 4
100 1 _aCoenen, Frederic Edward. [from old catalog]
245 0 0 _aFranz Grillparzer's Portraiture of Men
300 _a1 online resource (xii, 135 p.)
506 0 _aOpen Access
_fUnrestricted online access
_2star
588 _aDescription based on print version record.
600 1 1 _aGrillparzer, Franz,
_d1791-1872.
655 7 _aElectronic books.
_2local
710 2 _aProject Muse.
_edistributor
830 0 _aUniversity of North Carolina studies in the Germanic languages and literatures ;
_vno. 4.
830 0 _aBook collections on Project MUSE.
856 4 0 _zFull text available:
_uhttps://muse.jhu.edu/book/75771/
999 _c26743
_d26743